[Event "Mittelfranken-chTB2a 1011"]
[Site "Germany"]
[Date "2011.01.23"]
[Round "5.7"]
[White "Tobisch, Gerhard"]
[Black "Weiss, Michael1111"]
[Result "0-1"]
[WhiteElo "1489"]
[BlackElo "1858"]
[PlyCount "114"]
[EventDate "2010.09.26"]
[EventType "team-tourn"]
[EventRounds "9"]
[EventCountry "GER"]
[SourceTitle "EXT 2012"]
[Source "ChessBase"]
[SourceDate "2011.11.24"]
[SourceVersion "1"]
[SourceVersionDate "2011.11.24"]
[SourceQuality "1"]
[WhiteTeam "Wilhermsdorf/Langenzenn"]
[BlackTeam "Erlangen 44/88 II"]
[WhiteTeamCountry "GER"]
[BlackTeamCountry "GER"]

1. d4 d5 2. g3 Nf6 3. Bg2 c6 4. Nf3 Bg4 5. 0-0 Nbd7 6. Nc3 e6 7. a3 Bd6 8. Bd2 0-0 9. Qc1 Qc7 10. Re1 e5 11. dxe5 Nxe5 12. Nxe5 Bxe5 13. Bf4 Bxf4 14. Qxf4 Qxf4 15. gxf4 Rfe8 16. f3 Be6 17. e3 Re7 18. Kf2 Rae8 19. Rad1 Nh5 20. b4 a6 21. Bf1 Bf5 22. Bd3 Bxd3 23. cxd3 d4 24. exd4 Nxf4 25. Rxe7 Rxe7 26. h4 Kf8 27. a4 Rd7 28. b5 axb5 29. axb5 Rxd4 30. Ke3 Ne6 31. bxc6 bxc6 32. Ne4 f5 33. Ng5 f4+ 34. Ke2 Nxg5 35. hxg5 Rd5 36. Rh1 Kg8 37. Rh5 Rd4 38. Rh1 c5 39. Rh4 Ra4 40. Kd2 Rd4 41. Kc3 Rb4 42. Kc2 Kf7 43. Rxh7 Kg6 44. Rh8 Kxg5 45. Rc8 Rb5 46. Kc3 Kh4 47. Kc4 Rb1 48. Rxc5 g5 49. d4 g4 50. fxg4 Kxg4 51. Kd3 Rd1+ 52. Ke4 f3 53. Rc8 Re1+ 54. Kd5 f2 55. Rf8 f1Q 56. Rxf1 Rxf1 57. Kd6 Kf5 0-1